| 000 | 01178nam a22002777a 4500 | ||
|---|---|---|---|
| 008 | 200207b2016 ck |||||r|||| 001 1 spa d | ||
| 020 | _a9789588296937 | ||
| 040 |
_aCO-JMCR _cCO-JMCR |
||
| 041 | _aspa | ||
| 082 |
_aJ-C _bARJc |
||
| 100 | 1 |
_aArjona, Adriana, _eautora _9229 |
|
| 245 | 1 |
_aCuentos Seleccionados : _bAntología / _cAdriana Arjona, Hamilton Barrios, Beatriz Cadavid, Rodrigo Rogelis, Marco Sanchez, Camilo Vergara |
|
| 250 | _aPrimera edición | ||
| 260 |
_aBogotá : _bCangrejo, _c2018 |
||
| 300 |
_a86 páginas ; _c21 cm. |
||
| 505 | _aAfroman / Adriana Arjona -- Sancocho de gallina / Hamilton Barrios -- Al otro lado del puente / Beatriz Cadavid -- Y un día no volvio... / Rodrigo Rogelis -- Las tejas viejas / Marco Sánchez P. -- Febrero / Camilo Vergara | ||
| 586 | _aPremio Distrital de Cuento, 2016. | ||
| 650 | 1 | 4 |
_zColombianos _9230 |
| 650 | 2 | 4 |
_zColombiana _9231 |
| 700 | 1 |
_aBarrios, Hamilton, _9232 |
|
| 700 | 1 |
_aCadavid, Beatriz, _9233 |
|
| 700 | 1 |
_aRogelis, Rodrigo, _9234 |
|
| 700 | 1 |
_aSánchez P., Marco, _9235 |
|
| 700 | 1 |
_aVergara, Camilo, _9236 |
|
| 999 |
_c6443 _d6443 |
||